| 000 | 00976nam a2200265Ia 4500 | ||
|---|---|---|---|
| 003 | OSt | ||
| 005 | 20221005105159.0 | ||
| 006 | a|||||r|||| 00| 0 | ||
| 007 | ta | ||
| 008 | 221004b |||||||| |||| 00| 0 hin d | ||
| 020 |
_a9788179756058 (hbk) _c495 |
||
| 024 | _a26377 | ||
| 037 |
_b20, 17/03/2016, P. K. Books _cTextual |
||
| 040 |
_aCRL _cCRL _bhin |
||
| 041 |
_2hin _ahin |
||
| 082 | _aY73(P13).2'C, 152Q4 | ||
| 100 | _aश्याम बिहारी लाल | ||
| 245 | 0 | _aप्राचीन भारत में यवन | |
| 246 | _aPrāchīn bhārat mean yavana | ||
| 260 |
_aनई दिल्ली _bअनामिका पब्लिशर्स भारत _c2014 |
||
| 300 |
_a213पृ0 _ccm. |
||
| 650 | _aभारतीय-लोक साहित्य | ||
| 942 |
_hY73(P13).2'C, 152Q4 _cTEXL _2cc |
||
| 999 |
_c1015023 _d1015023 |
||